000 01146cam a2200325 a 4500
001 15258210
003 OSt
005 20140310182649.0
008 080411r20081966pau 000 0 eng
010 _a 2008927046
020 _a9781600660283
040 _aDLC
_cDLC
_dDLC
050 0 0 _aBT 701.2
_b.T757 2008
082 0 0 _aM 248.4899
_b.T66 1966
100 1 _aTozer, A. W.
_q(Aiden Wilson),
_d1897-1963.
245 1 0 _aMan, the dwelling place of God :
_bwhat it means to have Christ living in you /
_cA.W. Tozer ; compiled by Anita M. Bailey.
250 _a1st WingSpread Publishers ed.
260 _aCamp Hill, Pa. :
_bWingSpread Publishers,
_c2008
300 _a1974p. ;
_c21 cm.
521 _acollege students
526 _c1210L to 1700L
541 _j1
562 _efor circulation : 1 copy in the collection
650 0 _aTheological anthropology
_xChristianity
650 0 _aSpiritual life
_xChristian and Missionary Alliance.
700 1 _aBailey, Anita M.
906 _a7
_bcbc
_corigcop
_d2
_encip
_f20
_gy-gencatlg
942 _2lcc
_cBK
_kM
999 _c15089
_d15089